Teleworking – související aspekty a využití v praxi

Problematika teleworkingu z hľadiska vymedzenia podstatných aspektov. Využitie teleworkingu v praxi českých firiem.

Enregistré dans:
Détails bibliographiques
Auteur principal: Michalík, David
Format: Chapitre de livre
Langue:tchèque
Sujets:
Tags: Ajouter un tag
Pas de tags, Soyez le premier à ajouter un tag!

MARC

LEADER 00000naa a2200000 4500
001 0168152
005 20220720101243.4
041 0 |a cze 
044 |a CZ 
245 1 0 |a Teleworking – související aspekty a využití v praxi  |c David Michalík 
520 |a Problematika teleworkingu z hľadiska vymedzenia podstatných aspektov. Využitie teleworkingu v praxi českých firiem. 
610 2 0 |a práca 
610 2 0 |a Česko 
610 2 0 |a čas pracovný pohyblivý 
610 2 0 |a technológie komunikačné 
610 2 0 |a spoločnosti nadnárodné 
610 2 0 |a spoločnosti obchodné 
100 1 |a Michalík, David